| 000 | 00872nmm a2200265 a 4500 | ||
|---|---|---|---|
| 001 | ocm000613668 | ||
| 003 | TR-IsHL | ||
| 005 | 20201028155036.0 | ||
| 008 | 131028s1997 tu tur | ||
| 007 | cr cn | ||
| 020 | _a9789754823868 | ||
| 035 |
_a613668 _b(N$T) |
||
| 050 | 0 | 4 |
_aHM110 _b.T49 1997 |
| 090 | 0 | 4 |
_aHM110 _b.T49 1997 |
| 100 | 1 | _aTezcan, Mahmut | |
| 245 | 1 | 0 |
_aGençlik sosyolojisi ve antropolojisi araştırmaları _h[electronic resource] / _cMahmut Tezcan |
| 260 |
_aAnkara : _bAnkara Üniversitesi Eğitim Bilimleri Fakültesi, _c1997 |
||
| 300 | _a212 p. | ||
| 650 | 4 | _aEğitim | |
| 650 | 4 | _aEducation | |
| 650 | 0 | _aGençlik sosyolojisi | |
| 650 | 0 | _aSociology of youth | |
| 650 | 7 |
_aSOCIAL SCIENCE / Anthropology / General _2bisacsh |
|
| 856 | 4 | 0 | _uhttp://search.ebscohost.com/login.aspx?direct=true&scope=site&db=e011xww&AN=613668 |
| 999 |
_c12884 _d12884 |
||